| 000 | 00545nam a22002057a 4500 | ||
|---|---|---|---|
| 003 | BD-DhJNU | ||
| 005 | 20250909063159.0 | ||
| 008 | 250909b |||||||| |||| 00| 0 eng d | ||
| 020 | _a9789390735976 | ||
| 040 |
_aBD-DhJNU _bENG _cBD-DhJNU _dBD-DhJNU |
||
| 082 |
_223 _a323 |
||
| 100 | _aAgarwal, H.O | ||
| 245 |
_aHuman rights / _cH.O Agarwal |
||
| 250 | _a18th ed. | ||
| 260 |
_aDelhi : _bCentral Law Publications, _c2023. |
||
| 300 |
_axxviii, 439 p. : _c24 cm. |
||
| 504 | _aincludes index | ||
| 650 | _aHuman Rights | ||
| 942 |
_2ddc _cBK _n0 |
||
| 999 |
_c2098 _d2098 |
||